000 01914cam a2200409 a 4500
999 _c28300
_d28271
001 14586552
003 EG-ScBUE
005 20200309115452.0
008 061006s2007 enka f b 001 0 eng d
020 _a1403941750 (pbk.)
020 _a9781403941756 (pbk.)
035 _a(OCoLC)73744026
035 _a(OCoLC)ocm73744026
040 _aDLC
_beng
_erda
_cDLC
_dBAKER
_dYDXCP
_dBWKUK
_dBTCTA
_dUKM
_dBWK
_dNLGGC
_dDLC
_dEG-ScBUE
082 0 4 _a658.421
_bRAE
_222
100 1 _aRae, David,
_d1960-
_eauthor.
245 1 0 _aEntrepreneurship :
_bfrom opportunity to action /
_cDavid Rae.
264 1 _aBasingstoke Hampshire ;
_aNew York :
_bPalgrave Macmillan,
_c2007.
300 _axv, 294 pages :
_billustrations ;
_c25 cm
336 _2rdacontent
_atext
_btxt
337 _2rdamedia
_aunmediated
_bn
338 _2rdacarrier
_avolume
_bnc
504 _aIncludes bibliographical references and index.
520 _aThis volume focuses on learning for, rather than about, enterprise. Theory is covered, but the emphasis is on the individual as entrepreneur and about creating and/or seizing entrepreneurial opportunities.
650 7 _aEntrepreneurship.
_2BUEsh
650 7 _aCreative ability in business.
_2BUEsh
650 7 _aBusiness planning.
_2BUEsh
653 _bBUSADM
_cMarch2020
655 _vReading book
_934232
856 4 2 _3Contributor biographical information
_uhttp://www.loc.gov/catdir/enhancements/fy0703/2006051453-b.html
856 4 2 _3Publisher description
_uhttp://www.loc.gov/catdir/enhancements/fy0703/2006051453-d.html
856 4 1 _3Table of contents only
_uhttp://www.loc.gov/catdir/enhancements/fy0703/2006051453-t.html
906 _a7
_bcbc
_corignew
_d1
_eocip
_f20
_gy-gencatlg
942 _2ddc
_cBB